|
|
|
|
| LEADER |
01546nam a22004215i 4500 |
| 001 |
978-90-481-9902-0 |
| 003 |
DE-He213 |
| 005 |
20151204180555.0 |
| 007 |
cr nn 008mamaa |
| 008 |
111021s2011 ne | s |||| 0|eng d |
| 020 |
|
|
|a 9789048199020
|9 978-90-481-9902-0
|
| 024 |
7 |
|
|a 10.1007/978-90-481-9902-0
|2 doi
|
| 040 |
|
|
|d GrThAP
|
| 050 |
|
4 |
|a D1-DX301
|
| 072 |
|
7 |
|a PDX
|2 bicssc
|
| 072 |
|
7 |
|a SCI034000
|2 bisacsh
|
| 082 |
0 |
4 |
|a 509
|2 23
|
| 245 |
1 |
0 |
|a Darwinism, Philosophy, and Experimental Biology
|h [electronic resource] :
|b Special Issue of the Journal for General Philosophy of Science /
|c edited by Ute Deichman, Anthony S. Travis.
|
| 264 |
|
1 |
|a Dordrecht :
|b Springer Netherlands,
|c 2011.
|
| 300 |
|
|
|a 100 p.
|b online resource.
|
| 336 |
|
|
|a text
|b txt
|2 rdacontent
|
| 337 |
|
|
|a computer
|b c
|2 rdamedia
|
| 338 |
|
|
|a online resource
|b cr
|2 rdacarrier
|
| 347 |
|
|
|a text file
|b PDF
|2 rda
|
| 520 |
|
|
|a Conference proceedings of 2009 (year of Darwin) international conference on Darwin, held in Israel.
|
| 650 |
|
0 |
|a History.
|
| 650 |
|
0 |
|a Philosophy and science.
|
| 650 |
1 |
4 |
|a History.
|
| 650 |
2 |
4 |
|a History of Science.
|
| 650 |
2 |
4 |
|a Philosophy of Science.
|
| 700 |
1 |
|
|a Deichman, Ute.
|e editor.
|
| 700 |
1 |
|
|a Travis, Anthony S.
|e editor.
|
| 710 |
2 |
|
|a SpringerLink (Online service)
|
| 773 |
0 |
|
|t Springer eBooks
|
| 776 |
0 |
8 |
|i Printed edition:
|z 9789048199013
|
| 856 |
4 |
0 |
|u http://dx.doi.org/10.1007/978-90-481-9902-0
|z Full Text via HEAL-Link
|
| 912 |
|
|
|a ZDB-2-SHU
|
| 950 |
|
|
|a Humanities, Social Sciences and Law (Springer-11648)
|